[Event "PanAm Intercolleagiate-ch 2019"]
[Site "Charlotte"]
[Date "2019.12.30"]
[Round "5.3"]
[White "Vorontsov, Pavlo"]
[Black "Theodorou, Nikolas"]
[Result "1-0"]
[WhiteElo "2539"]
[BlackElo "2555"]
[Annotator "RC"]
[PlyCount "65"]
[EventDate "2019.12.27"]
[EventType "team-tourn"]
[EventCountry "USA"]
[SourceTitle "playchess.com"]
[Source "ChessBase"]
[SourceQuality "1"]
[TimeControl "5400+30"]

1. c4 {[%emt 1:30:30]} Nf6 {[%emt 1:30:30]} 2. Nc3 {[%emt 0:00:30]} g6 {[%emt 0:00:30]} 3. d4 {[%emt 0:00:30]} Bg7 {[%emt 0:00:30]} 4. e4 {[%emt 0:00:30]} d6 {[%emt 0:00:30]} 5. Nge2 {[%emt 0:00:30]} O-O {[%emt 0:00:30]} 6. Ng3 {[%emt 0:00:30]} h5 {[%emt 0:00:30]} 7. Be2 {[%emt 0:00:30]} b5 {[%emt 0:00:30]} 8. Bf3 {[%emt 0:00:30]} e5 {[%emt 0:00:30]} 9. dxe5 {[%emt 0:00:30]} Ng4 {[%emt 0:00:30]} 10. exd6 {[%emt 0:00:30]} Nc6 {[%emt 0:00:30]} 11. Bxg4 {[%emt 0:00:30]} Bxg4 {[%emt 0:00:30]} 12. f3 {[%emt 0:00:30]} Be6 {[%emt 0:00:30]} 13. cxb5 {[%emt 0:00:30]} Ne5 {[%emt 0:00:30]} 14. f4 {[%emt 0:00:30]} Bg4 {[%emt 0:00:30]} 15. Nge2 {[%emt 0:00:30]} Nc4 {[%emt 0:00:30]} 16. Qd3 {[%emt 0:00:30]} Nxd6 {[%emt 0:00:30]} 17. O-O {[%emt 0:00:30]} a6 {[%emt 0:00:30]} 18. bxa6 {[%emt 0:00:30]} Bc8 {[%emt 0:00:30]} 19. f5 {[%emt 0:00:30]} gxf5 {[%emt 0:00:30]} 20. exf5 {[%emt 0:00:30]} Nxf5 {[%emt 0:00:30]} 21. Qe4 {[%emt 0:00:30]} Rxa6 {[%emt 0:00:30]} 22. Rxf5 {[%emt 0:00:30]} Re8 {[%emt 0:00:30]} 23. Rd5 {[%emt 0:00:30]} Rd6 {[%emt 0:00:30]} 24. Rxd6 {[%emt 0:00:30]} cxd6 {[%emt 0:00:30]} 25. Qf3 {[%emt 0:00:30]} Bxc3 {[%emt 0:00:30]} 26. Nxc3 {[%emt 0:00:30]} Qb6+ {[%emt 0:00:30]} 27. Be3 {[%emt 0:00:30]} Rxe3 {[%emt 0:00:30]} 28. Qf2 {[%emt 0:00:30]} Bb7 {[%emt 0:00:30]} 29. Rf1 {[%emt 0:00:30]} f5 {[%emt 0:00:30]} 30. Nd1 {[%emt 0:00:30]} Re2 {[%emt 0:00:30]} 31. Qxb6 Rxg2+ {[%emt 0:00:30]} 32. Kh1 {[%emt 0:01:00]} Be4 {[%emt 0:00:30]} 33. Rf3 {[%emt 0:00:30]} 1-0

[Event "PanAm Intercolleagiate-ch 2019"]
[Site "Charlotte"]
[Date "2019.12.30"]
[Round "5.4"]
[White "Bok, Benjamin"]
[Black "Sorokin, Aleksey"]
[Result "1/2-1/2"]
[WhiteElo "2636"]
[BlackElo "2520"]
[Annotator "TA"]
[PlyCount "93"]
[EventDate "2019.12.27"]
[EventType "team-tourn"]
[EventCountry "USA"]
[SourceTitle "playchess.com"]
[Source "ChessBase"]
[SourceQuality "1"]

{[%evp 22,93,27,27,29,28,23,6,21,26,30,31,54,56,73,73,85,84,77,70,83,50,49,41,47,46,54,50,68,50,51,50,51,51,61,48,56,58,65,62,62,54,95,49,46,40,41,41,41,41,39,14,26,14,29,29,33,33,55,34,34,0,44,0,0,0,0,0,0,0,0,-8,-8,-25]} 1. Nf3 d5 2. g3 Nf6 3. Bg2 e6 4. O-O Be7 5. c4 O-O 6. b3 b6 7. cxd5 Nxd5 8. Bb2 Bb7 9. d4 Nd7 10. Re1 c5 11. e4 N5f6 12. Nc3 cxd4 {A14: English Opening: 1...e6 with b3 by White} 13. Nxd4 {e5 is the strong threat.} Ne5 14. Re2 (14. Qe2 Bc5 15. Red1 Qe7 16. Na4 Bxd4 17. Bxd4 Nc6 18. Be3 Rfd8 19. Nc3 Qb4 20. Qb2 {1-0 (45) So,W (2822)-Onischuk,A (2667) Saint Louis 2017}) 14... Qb8 15. Rd2 Rd8 16. Qe2 Bb4 $146 ({Predecessor:} 16... a6 17. Rc1 Qa7 18. Nd5 exd5 19. Nf5 Ng6 20. Nxe7+ Nxe7 21. Bxf6 gxf6 {0-1 (32) Hertneck,G (2571)-Unzicker,W (2436) Germany 2000}) 17. a3 Bxc3 18. Bxc3 Nc6 19. Nxc6 Bxc6 20. Rc1 {[#] Black must now prevent Bxf6.} Bb7 21. Bb2 Rxd2 22. Qxd2 Qd8 23. Qxd8+ Rxd8 24. f3 $1 Rc8 25. Rxc8+ Bxc8 $14 {[%mdl 4096] Endgame KBB-KBN} 26. Bf1 Nd7 27. Kf2 f6 28. Ke3 Kf7 29. b4 e5 30. a4 Nb8 31. f4 Bd7 32. a5 Nc6 33. Bc3 bxa5 34. bxa5 Ke7 35. fxe5 fxe5 36. a6 Kd6 37. Bb2 Kc5 38. Ba3+ Kb6 $1 39. Bc4 Nd4 40. Bf8 Be6 41. Bd5 Kxa6 42. g4 g6 {The position is equal.} 43. Bd6 Bxg4 44. Bxe5 Ne6 $1 45. Kf2 {[#] Threatens to win with Kg3.} Nc5 46. Bc4+ Kb7 47. Ke3 {Accuracy: White = 56%, Black = 65%.} 1/2-1/2

[Event "PanAm Intercolleagiate-ch 2019"]
[Site "Charlotte"]
[Date "2019.12.30"]
[Round "5.5"]
[White "Bruzon Batista, Lazaro"]
[Black "Quesada Perez, Yuniesky"]
[Result "1/2-1/2"]
[WhiteElo "2640"]
[BlackElo "2601"]
[Annotator "TA"]
[PlyCount "40"]
[EventDate "2019.12.27"]
[EventType "team-tourn"]
[EventCountry "USA"]
[SourceTitle "playchess.com"]
[Source "ChessBase"]
[SourceQuality "1"]

{[%evp 15,40,17,21,24,23,25,25,20,21,27,33,18,18,14,20,16,14,28,18,17,75,18,22,16,31,33,37]} 1. e4 e5 2. Nf3 Nf6 3. Nxe5 d6 4. Nf3 Nxe4 5. Nc3 Nxc3 6. dxc3 Be7 7. Be3 Nc6 8. Qd2 Be6 9. O-O-O {C42: Petroff Defence: 3 Nxe5 and unusual White 3rd moves} Qd7 ({Avoid the trap} 9... Bxa2 $2 10. b3 $18) 10. Kb1 (10. h4 h6 11. Nd4 Nxd4 12. Bxd4 Rg8 13. c4 c5 14. Bc3 O-O-O 15. Qe3 g5 16. hxg5 hxg5 {½-½ (71) Caruana,F (2819)-So,W (2754) Stavanger 2019}) 10... Bf6 11. h3 {White has an edge.} O-O-O $146 ({Predecessor:} 11... a6 12. Ng5 Bxg5 13. Bxg5 f6 14. Be3 O-O-O 15. Be2 Qf7 16. b3 {½-½ (45) Akdag,M (2569)-Stephan,J (2575) ICCF email 2016}) 12. Nd4 Bxd4 13. Bxd4 f6 14. Be3 h5 15. Be2 a6 16. b3 Qf7 17. Rhe1 Kb8 (17... Rhe8 $11) 18. Bf1 (18. f4 $16) 18... Rhe8 19. f3 Bd7 20. Kb2 Be6 {Accuracy: White = 79%, Black = 62%.} 1/2-1/2

[Event "PanAm Intercolleagiate-ch 2019"]
[Site "Charlotte"]
[Date "2019.12.30"]
[Round "5.6"]
[White "Gledura, Benjamin"]
[Black "Lenderman, Aleksandr"]
[Result "1/2-1/2"]
[WhiteElo "2626"]
[BlackElo "2638"]
[Annotator "TA"]
[PlyCount "45"]
[EventDate "2019.12.27"]
[EventType "team-tourn"]
[EventCountry "USA"]
[SourceTitle "playchess.com"]
[Source "ChessBase"]
[SourceQuality "1"]

{[%evp 18,45,16,0,17,0,0,-2,-4,-10,0,0,4,0,14,13,16,1,21,17,17,17,16,15,27,29,35,29,46,51]} 1. e4 e5 2. Nf3 Nf6 3. Nxe5 d6 4. Nf3 Nxe4 5. d3 Nf6 6. d4 d5 7. Bd3 Bd6 8. O-O O-O 9. h3 h6 10. Nc3 Re8 {C01: French: Exchange Variation} 11. Re1 Rxe1+ (11... c6 12. Ne5 Nbd7 13. Bf4 Qc7 14. Qf3 Nxe5 15. dxe5 Rxe5 16. Bxe5 Bxe5 17. Re2 Bd7 18. Rae1 {1-0 (65) Bacrot,E (2725)-Akobian,V (2647) Riadh 2017}) 12. Qxe1 Nc6 {The position is equal.} 13. a3 a6 14. Be3 {[#]} Bd7 $146 ({Predecessor:} 14... Be6 15. Qd2 Qd7 16. Bf4 Bf5 17. Bxf5 Qxf5 18. Bxd6 cxd6 {½-½ (47) Matei,C (2585)-Jorgensen,A (2547) ICCF email 2009}) 15. Qd2 Qf8 16. Re1 Re8 17. Qc1 Re7 18. Re2 Re8 19. Bf4 Rxe2 20. Nxe2 Bc8 21. Qe3 Bxf4 22. Nxf4 Qe7 23. Ne5 {Accuracy: White = 75%, Black = 27%.} 1/2-1/2

[Event "PanAm Intercolleagiate-ch 2019"]
[Site "Charlotte"]
[Date "2019.12.30"]
[Round "5.7"]
[White "Nyzhnyk, Illya"]
[Black "Cordova, Emilio"]
[Result "1/2-1/2"]
[WhiteElo "2660"]
[BlackElo "2585"]
[Annotator "TA"]
[PlyCount "23"]
[EventDate "2019.12.27"]
[EventType "team-tourn"]
[EventCountry "USA"]
[SourceTitle "playchess.com"]
[Source "ChessBase"]
[SourceQuality "1"]

{[%evp 11,23,25,30,27,59,54,79,85,72,66,150,152,243,142]} 1. e4 c5 2. Nf3 Nc6 3. Bb5 g6 4. O-O Bg7 5. Bxc6 dxc6 6. d3 e5 7. a4 {B31: Sicilian: 2...Nc6 3 Bb5 g6} a5 8. Na3 Qc7 9. Be3 b6 10. Nc4 h6 $146 {[#]} ({Better is} 10... Ba6 $14) ({Predecessor:} 10... Be6 11. Nfd2 Nf6 12. b4 axb4 13. a5 bxa5 14. Bxc5 {1-0 (38) Fressinet,L (2655)-Neiksans,A (2552) chess.com INT 2019}) 11. b4 $1 $16 {[%cal Rb4a5] Black must now prevent bxa5.} cxb4 (11... b5 $16 {might work better.}) 12. Nxb6 (12. Bxb6 $18 Qe7 13. Rb1 (13. Bxa5 Ba6 $18) (13. Nxa5 Nf6 $16)) 1/2-1/2

[Event "PanAm Intercolleagiate-ch 2019"]
[Site "Charlotte"]
[Date "2019.12.30"]
[Round "5.8"]
[White "Burke, John M"]
[Black "Hakobyan, Aram"]
[Result "1/2-1/2"]
[WhiteElo "2551"]
[BlackElo "2576"]
[Annotator "RC"]
[PlyCount "30"]
[EventDate "2019.12.27"]
[EventType "team-tourn"]
[EventCountry "USA"]
[SourceTitle "playchess.com"]
[Source "ChessBase"]
[SourceQuality "1"]
[TimeControl "5400+30"]

1. e4 {[%emt 1:30:30]} c6 {[%emt 1:30:30]} 2. Nc3 {[%emt 0:00:30]} d5 {[%emt 0:00:30]} 3. d4 {[%emt 0:00:30]} dxe4 {[%emt 0:00:30]} 4. Nxe4 {[%emt 0:00:30]} Nf6 {[%emt 0:00:30]} 5. Nxf6+ {[%emt 0:00:30]} exf6 {[%emt 0:00:30]} 6. c3 {[%emt 0:00:30]} Bf5 {[%emt 0:00:30]} 7. Bd3 {[%emt 0:00:30]} Bxd3 {[%emt 0:00:30]} 8. Qxd3 {[%emt 0:00:30]} Bd6 {[%emt 0:00:30]} 9. Nf3 {[%emt 0:00:30]} O-O {[%emt 0:00:30]} 10. O-O {[%emt 0:00:30]} Nd7 {[%emt 0:00:30]} 11. Bd2 {[%emt 0:00:30]} Nc5 {[%emt 0:00:30]} 12. Qc2 {[%emt 0:00:30]} Ne6 {[%emt 0:00:30]} 13. Rfe1 {[%emt 0:00:30]} Bc7 {[%emt 0:00:30]} 14. Re2 {[%emt 0:00:30]} Qd5 {[%emt 0:00:30]} 15. Qb3 {[%emt 0:00:30]} a5 {[%emt 0:00:30]} 1/2-1/2

[Event "PanAm Intercolleagiate-ch 2019"]
[Site "Charlotte"]
[Date "2019.12.30"]
[Round "5.9"]
[White "Dragun, Kamil"]
[Black "Preotu, Razvan"]
[Result "1-0"]
[WhiteElo "2587"]
[BlackElo "2487"]
[Annotator "TA"]
[PlyCount "75"]
[EventDate "2019.12.27"]
[EventType "team-tourn"]
[EventCountry "USA"]
[SourceTitle "playchess.com"]
[Source "ChessBase"]
[SourceQuality "1"]

{[%evp 17,133,4,18,-2,0,-17,-13,-5,-9,-7,-10,-10,-6,-6,-10,-11,-12,-43,0,-28,-22,-33,-19,-20,-16,-16,-14,-38,2,0,0,0,0,4,18,5,2,-47,-47,-49,-51,-66,-82,-70,3,-4,0,-41,-34,-40,26,0,144,52,58,66,56,65,77,30,227,219,239,232,225,229,220,228,280,64,87,82,283,0,186,173,254,256,288,281,291,291,399,399,399,399,399,399,517,517,517,517,517,445,445,445,517,517,517,293,293,291,6395,976,5006,1952,12831,12831,12829,5949,12844,12844,12845,12845,29998,12838,12838,1068]} 1. d4 Nf6 2. c4 g6 3. Nf3 Bg7 4. g3 d5 5. cxd5 Nxd5 6. Bg2 Nb6 7. O-O Nc6 8. e3 O-O 9. Nc3 Re8 10. a3 {D76: Fianchetto Grünfeld: Main Line with 7...Nb6} Rb8 11. h3 e5 12. d5 {The position is equal.} e4 13. dxc6 {Nxe4! is the strong threat.} exf3 14. Qxf3 bxc6 {[#]} 15. Qxc6 $146 ({Predecessor:} 15. Rd1 Qe7 16. Qe2 c5 17. Qc2 Be6 {½-½ (47) Shimanov,A (2594)-Cheparinov,I (2681) Jerusalem 2015}) 15... Bd7 16. Qf3 Na4 17. Nd5 a5 18. e4 c6 19. Nf4 Nxb2 20. Rb1 Rb5 21. Kh2 Qb8 22. Qe2 Na4 23. Rxb5 cxb5 24. Qd2 Qa7 25. Nd5 Be6 26. Qd3 Qc5 27. Bg5 (27. Be3 $5 {[%cal Re3c5]} Qc4 28. Qd2 $11) 27... Nb2 28. Qf3 {And now Be3 would win.} Bxd5 29. exd5 Nc4 30. Rd1 Qd6 ({Much weaker is} 30... Nxa3 31. Bf4 $11) (30... Bf8 $15 31. Bf4 Qb6) 31. Bc1 Bf8 32. Qb3 Nxa3 33. Bf4 a4 (33... Qd7 $1 $15) 34. Qf3 (34. Qc3 $5 {[%cal Rf4d6]} Qd7 35. Qc6 $11) 34... Re5 (34... Qd7 $11 {keeps the balance.}) 35. Bxe5 (35. Qc3 $1 $16 Nc4 36. Rb1) 35... Qxe5 $14 36. d6 Bxd6 37. Qc6 $36 {[%mdl 2048] White is pushing.} Nc4 38. Bf1 {Played: Rd1-d5} 1-0

[Event "PanAm Intercolleagiate-ch 2019"]
[Site "Charlotte"]
[Date "2019.12.30"]
[Round "5.10"]
[White "Stremavicius, Titas"]
[Black "Stukopin, Andrey"]
[Result "1-0"]
[WhiteElo "2519"]
[BlackElo "2578"]
[Annotator "RC"]
[PlyCount "83"]
[EventDate "2019.12.27"]
[EventType "team-tourn"]
[EventCountry "USA"]
[SourceTitle "playchess.com"]
[Source "ChessBase"]
[SourceQuality "1"]
[TimeControl "5400+30"]

1. f4 {[%emt 0:02:30]} Nf6 {[%emt 0:00:48]} 2. Nf3 {[%emt 0:00:11]} d5 {[%emt 0:01:05]} 3. g3 {[%emt 0:00:18]} c5 {[%emt 0:00:26]} 4. Bg2 {[%emt 0:00:11]} Nc6 {[%emt 0:00:17]} 5. O-O {[%emt 0:00:23]} g6 {[%emt 0:01:12]} 6. d3 {[%emt 0:01:40]} Bg7 {[%emt 0:00:15]} 7. c3 {[%emt 0:03:08]} O-O {[%emt 0:00:32]} 8. a4 {[%emt 0:00:20]} Bd7 {[%emt 0:09:00]} 9. Na3 {[%emt 0:12:40]} Qc8 {[%emt 0:05:18]} 10. Ne5 {[%emt 0:09:31]} Bh3 {[%emt 0:02:50]} 11. Nxc6 {[%emt 0:00:22]} bxc6 {[%emt 0:00:04]} 12. Qe1 {[%emt 0:13:15]} Re8 {[%emt 0:17:11]} 13. e4 {[%emt 0:11:01]} c4 {[%emt 0:04:04]} 14. e5 {[%emt 0:09:47]} Bxg2 {[%emt 0:00:04]} 15. Kxg2 {[%emt 0:00:16]} cxd3 {[%emt 0:00:03]} 16. exf6 {[%emt 0:03:46]} exf6 {[%emt 0:00:03]} 17. Be3 {[%emt 0:01:48]} c5 {[%emt 0:01:38]} 18. Qd2 {[%emt 0:01:27]} Qc6 {[%emt 0:02:22]} 19. Kg1 {[%emt 0:03:02]} c4 {[%emt 0:00:18]} 20. Nb5 {[%emt 0:01:18]} f5 {[%emt 0:01:28]} 21. Rfe1 {[%emt 0:00:55]} a6 {[%emt 0:01:23]} 22. Nd4 {[%emt 0:00:30]} Qd7 {[%emt 0:00:06]} 23. b4 {[%emt 0:03:18]} Re4 {[%emt 0:00:08]} 24. b5 {[%emt 0:07:46]} axb5 {[%emt 0:51:25]} 25. axb5 {[%emt 0:00:10]} Rb8 {[%emt 0:00:00]} 26. b6 {[%emt 0:04:24]} Bf8 {[%emt 0:00:00]} 27. Ra7 {[%emt 0:04:38]} Qe8 {[%emt 0:00:00]} 28. Nf3 {[%emt 0:00:38]} f6 {[%emt 0:00:00]} 29. Kf1 {[%emt 0:00:20]} Qb5 {[%emt 0:00:00]} 30. Qa2 {[%emt 0:04:38]} Rbe8 {[%emt 0:00:00]} 31. Bf2 {[%emt 0:00:47]} Rxe1+ {[%emt 0:00:00]} 32. Nxe1 {[%emt 0:00:02]} Bc5 {[%emt 0:00:00]} 33. Bxc5 {[%emt 0:00:45]} Qxc5 {[%emt 0:00:00]} 34. Ra8 {[%emt 0:00:13]} Qc6 {[%emt 0:00:00]} 35. b7 {[%emt 0:00:46]} Kg7 {[%emt 0:00:00]} 36. b8=Q {[%emt 0:00:36]} Rxb8 {[%emt 0:00:00]} 37. Rxb8 {[%emt 0:00:01]} d4 {[%emt 0:00:00]} 38. Qa7+ {[%emt 0:00:28]} Kh6 {[%emt 0:00:00]} 39. Qxd4 {[%emt 0:00:11]} Qh1+ {[%emt 0:00:00]} 40. Kf2 {[%emt 0:00:08]} Qxh2+ {[%emt 0:00:00]} 41. Ng2 {[%emt 0:00:07]} Qh5 {[%emt 0:00:00]} 42. Re8 {[%emt 0:01:07]} 1-0

[Event "PanAm Intercolleagiate-ch 2019"]
[Site "Charlotte"]
[Date "2019.12.30"]
[Round "5.11"]
[White "Belous, Vladimir"]
[Black "Reshef, Omer"]
[Result "0-1"]
[WhiteElo "2529"]
[BlackElo "2458"]
[Annotator "TA"]
[PlyCount "54"]
[EventDate "2019.12.27"]
[EventType "team-tourn"]
[EventCountry "USA"]
[SourceTitle "playchess.com"]
[Source "ChessBase"]
[SourceQuality "1"]

{[%evp 23,64,29,23,21,50,0,18,6,7,6,23,22,19,17,15,14,14,0,0,0,0,-35,-50,-69,-72,-93,-25,-159,-156,-151,-157,-175,-112,-287,-268,-525,-499,-1087,-1073,-1009,-985,-1467,-1454]} 1. c4 c6 2. Nf3 d5 3. d4 Nf6 4. Nc3 dxc4 5. a4 Bf5 6. Ne5 Nbd7 7. Nxc4 Qc7 8. g3 e5 9. dxe5 Nxe5 10. Bf4 Nfd7 11. Bg2 Be6 12. Nxe5 Nxe5 13. O-O {D17: Slav Defence: 5 a4 Bf5: Lines with 6 Nh4 and 6 Ne5} Rd8 14. Qc1 Qa5 15. Rd1 {The position is equal.} Rxd1+ 16. Qxd1 {[#]} Be7 $146 ({Predecessor:} 16... f6 17. Qc2 Be7 18. Ne4 O-O 19. Bd2 {½-½ (19) Gyimesi,Z (2614)-Predojevic,B (2566) Turin 2006}) 17. Nb5 cxb5 18. Bxe5 {axb5 is the strong threat.} O-O 19. Bxb7 bxa4 $1 20. Bc3 Qc7 21. Be4 a3 $1 22. Qd3 Rd8 23. Bxh7+ Kh8 24. Qe4 Qc5 ({Better is} 24... Rb8 $17 25. Rc1 Bf6) 25. Bg6 (25. Qc2 $1 $11 {remains equal.}) 25... Qg5 $17 26. Bxf7 Bxf7 27. h4 {[#]} Bd5 {Played: Qg5-c5} 0-1

[Event "PanAm Intercolleagiate-ch 2019"]
[Site "Charlotte"]
[Date "2019.12.30"]
[Round "5.12"]
[White "Grinberg, Eyal"]
[Black "Beradze, Irakli"]
[Result "1/2-1/2"]
[WhiteElo "2465"]
[BlackElo "2487"]
[Annotator "TA"]
[PlyCount "120"]
[EventDate "2019.12.27"]
[EventType "team-tourn"]
[EventCountry "USA"]
[SourceTitle "playchess.com"]
[Source "ChessBase"]
[SourceQuality "1"]

{[%evp 25,120,7,14,21,52,41,51,43,64,39,59,47,47,35,54,29,24,0,0,0,0,0,89,0,0,0,0,0,0,-25,0,0,0,0,0,0,0,0,29,0,0,-38,0,0,35,0,0,-18,0,0,0,0,0,0,0,0,0,0,0,-17,0,0,0,0,0,0,0,0,0,0,0,0,0,0,0,0,0,0,0,0,0,0,0,0,0,-8,0,0,0,0,12,9,16,8,0,8,20]} 1. e4 e5 2. Nf3 Nc6 3. Bb5 a6 4. Ba4 Nf6 5. O-O Be7 6. Re1 b5 7. Bb3 O-O 8. h3 d6 9. c3 Re8 10. d4 Bb7 11. Nbd2 Bf8 12. a3 g6 13. Bc2 Bg7 14. Nb3 {C92: Closed Ruy Lopez: 9...Be6, Karpov and Flohr-Zaitsev Variations} Rb8 15. Bg5 h6 16. Bh4 {[#] White is slightly better.} Qe7 $146 ({Predecessor:} 16... Qc8 17. d5 Ne7 18. Bxf6 Bxf6 19. Na5 Ba8 20. b4 Kg7 21. Bb3 Rd8 {0-1 (37) David,A (2571)-Gareyev,T (2606) Bhopal 2017}) 17. a4 Qf8 18. axb5 axb5 19. d5 Ne7 20. Bxf6 Bxf6 21. Na5 Bc8 22. c4 Bg7 23. cxb5 Rxb5 (23... Bd7 $1 $11) 24. Nc4 (24. Bd3 $16 Rb8 25. Qc1) 24... Rb4 25. Ra4 Rb7 26. Na5 Ra7 27. b4 f5 28. b5 Bd7 29. Nc6 Rxa4 30. Bxa4 Ra8 31. Bb3 Nc8 {[%cal Be7c8,Bc8b6,Bb6a4][%mdl 32]} 32. Bc2 Qf6 33. Qd3 Nb6 34. Qc3 Na4 35. Qa3 (35. Bxa4 $5 Rxa4 36. Nd2 $11) 35... Nb6 {The position is equal.} 36. Qc3 Kh8 37. Ra1 Rxa1+ 38. Qxa1 fxe4 39. Bxe4 Bf5 40. Nd2 Bxe4 41. Nxe4 Qf4 42. Nc3 Qc4 43. Ne7 $1 Bf6 44. Nc6 $1 {White wants to play Qa7.} e4 45. Qa7 Qxc3 46. Qb8+ Kh7 47. Qxc7+ {[%mdl 64] [#] Double Attack} Bg7 $1 48. Qxb6 Qd2 49. Qa7 {Threatens to win with Qf7.} Qxd5 50. b6 {b7 is the strong threat.} e3 (50... Qxc6 $5 51. b7 $8 Bd4 52. Qxd4 Qxb7 $11) 51. b7 e2 52. Qe3 Qd1+ 53. Kh2 e1=Q 54. Qxe1 Qxe1 55. b8=Q Qe6 56. Qb7 d5 {[#] And now ...d4! would win.} 57. Nb4 Qd6+ 58. g3 d4 {aiming for ...d3.} 59. Nd3 Qe6 60. Qf3 h5 {Accuracy: White = 66%, Black = 57%.} 1/2-1/2

[Event "PanAm Intercolleagiate-ch 2019"]
[Site "Charlotte"]
[Date "2019.12.30"]
[Round "5.13"]
[White "Tang, Andrew"]
[Black "Oparin, Grigoriy"]
[Result "1/2-1/2"]
[WhiteElo "2511"]
[BlackElo "2650"]
[Annotator "TA"]
[PlyCount "107"]
[EventDate "2019.12.27"]
[EventType "team-tourn"]
[EventCountry "USA"]
[SourceTitle "playchess.com"]
[Source "ChessBase"]
[SourceQuality "1"]

{[%evp 9,107,18,22,24,12,18,23,20,16,0,7,6,4,0,0,0,16,-9,0,0,0,3,10,9,0,0,15,6,19,11,17,0,0,0,3,0,8,0,0,0,0,0,0,0,0,0,0,0,0,-84,-84,-84,-84,-84,-91,-83,0,0,0,0,0,0,0,-104,-104,-104,-97,-208,-179,-178,-221,-207,-181,-343,-287,-330,-287,-287,-281,-279,-270,-262,-252,-175,0,0,0,0,0,0,0,0,0,0,0,0,0,0,0,0]} 1. d4 Nf6 2. Bf4 c5 3. e3 Qb6 4. Na3 (4. Nc3 a6 5. Bc4 cxd4 6. exd4 e6 7. Nge2 d5 8. Bb3 Bd7 9. O-O Be7 10. Qe1 O-O 11. Rd1 Nc6 {1-0 (23) Aronian,L (2767)-Giri,A (2782) chess.com INT 2018}) 4... cxd4 5. exd4 Nd5 6. Bc1 {A45: Trompowsky Attack} e6 7. Nc4 Qc7 ({Wrong is} 7... Bb4+ $2 8. c3 $18) 8. Nf3 {White has an edge.} b6 9. Ne3 $146 ({Predecessor:} 9. c3 Ba6 10. Ncd2 Bxf1 11. Nxf1 Nc6 {1-0 (27) Rosen,E (2342)-Chan,L (2261) Melbourne 2018}) 9... Nxe3 10. Bxe3 Bb7 11. Bd3 Nc6 {[%cal Bb8c6,Bc6e7,Be7g6][%mdl 32]} 12. c3 Ne7 13. c4 Ng6 14. O-O Bd6 15. Rc1 O-O 16. c5 bxc5 17. dxc5 Bf4 18. Bxg6 hxg6 19. Qd4 Bxe3 20. Qxe3 Rab8 21. b3 Bd5 22. Rfd1 a5 23. Rd4 Rb5 24. Ne5 Rxc5 25. Rxc5 Qxc5 26. Nxd7 Qc2 $36 {[%mdl 2048] Black has good play.} 27. h3 Rd8 28. Nb6 Qxa2 29. Nxd5 (29. Qd3 $11) 29... Rxd5 $17 30. Rxd5 exd5 $11 {[%mdl 4096] Endgame KQ-KQ} 31. Qg5 Qb1+ (31... Qxb3 $6 32. Qd8+ Kh7 33. Qh4+ Kg8 34. Qd8+ Kh7 35. Qh4+ Kg8 36. Qd8+ $11) 32. Kh2 {[#]} Qe4 ({Much weaker is} 32... Qxb3 $6 33. Qd8+ Kh7 34. Qh4+ Kg8 35. Qd8+ Kh7 36. Qh4+ Kg8 37. Qd8+ $11) ({Better is} 32... Qf5 $1 $17 {[%cal Rf5g5]} 33. Qd8+ Kh7) 33. f3 $1 {[%cal Rf3e4]} Qd4 34. Qd8+ $1 Kh7 35. Qxa5 Qf4+ 36. Kg1 (36. Kh1 $11) 36... Qe3+ $17 37. Kf1 Qxb3 38. Qe1 (38. Qd2 $17 {was forced.}) 38... Qc4+ $19 39. Kg1 Qd4+ 40. Kf1 f6 41. Qg3 $2 (41. g4) 41... Qd3+ 42. Ke1 Qe3+ 43. Kf1 d4 44. Qh4+ Kg8 45. Qg4 d3 46. Qc4+ {[#]} Kf8 $2 (46... Kh7 $1 $19 47. Qh4+ Qh6) 47. Qc8+ {The position is equal.} Ke7 48. Qc7+ Ke6 {White must now prevent ...Qe2+.} (48... Kf8 $5 {[%cal Re3e2]} 49. Qc8+ Kf7 50. Qc4+ Kf8 51. Qc8+ $11) 49. Qc6+ Ke5 {And now ...Qe2+ would win.} 50. Qc7+ $1 Kd5 {aiming for ...Qe2+.} 51. Qd7+ Kc4 52. Qa4+ Kc3 {( -> ...Qc1+)} 53. Qa3+ Kc2 54. Qa2+ {Accuracy: White = 61%, Black = 67%.} 1/2-1/2

[Event "PanAm Intercolleagiate-ch 2019"]
[Site "Charlotte"]
[Date "2019.12.30"]
[Round "5.16"]
[White "Tokhirjonova, Gulrukhbegim"]
[Black "Li, Ethan"]
[Result "0-1"]
[WhiteElo "2421"]
[BlackElo "2209"]
[Annotator "TA"]
[PlyCount "76"]
[EventDate "2019.12.27"]
[EventType "team-tourn"]
[EventCountry "USA"]
[SourceTitle "playchess.com"]
[Source "ChessBase"]
[SourceQuality "1"]

{[%evp 9,76,23,18,15,25,17,20,21,22,13,13,20,19,13,13,11,13,14,11,12,12,14,13,13,19,14,24,19,33,35,58,63,61,52,56,42,78,75,56,62,98,30,103,17,108,45,39,14,145,7,4,-704,-694,-738,-733,-707,-715,-963,-963,-934,-892,-1201,-1193,-2082,-2082,-1597,-1492,-29994,-29995]} 1. Nf3 Nf6 2. g3 d5 3. Bg2 Bg4 4. O-O Nbd7 5. h3 Bh5 6. d4 {A07: Réti Opening: New York and Capablanca Systems} e6 7. c4 c6 8. cxd5 {The position is equal.} exd5 $146 (8... cxd5 9. Qb3 Qb6 10. Nc3 Be7 11. Qxb6 Nxb6 12. Ne5 O-O 13. g4 Bg6 {½-½ (41) Karthikeyan,M (2613)-Postny,E (2601) Helsingor 2019}) 9. Nh4 Bg6 10. Nc3 Be7 11. Nxg6 hxg6 12. Qd3 O-O 13. Bf3 Re8 14. Kg2 Nf8 15. h4 Ne6 16. Be3 Qd7 17. Rh1 Rad8 18. Rad1 Qc8 19. Bc1 Ne4 20. Nxe4 dxe4 21. Qxe4 Bf6 $1 {[%cal Re6d4]} 22. Bg4 Qb8 {[%cal Re6d4]} 23. Bxe6 Rxe6 24. Qg4 Rd5 {[%cal Bd8d5,Bd5c5,Bc5c7][%mdl 32]} 25. h5 ({Better is} 25. Bf4 $16 Qd8 26. e3) 25... g5 (25... Qe8 $11 {keeps the balance.}) 26. e3 ({White should try} 26. h6 $16) 26... c5 (26... Qe8 $11) 27. dxc5 (27. Qf3 $16 Red6 28. b3) 27... Rxc5 $14 28. h6 {aiming for b4.} g6 (28... Qc7 $11 {remains equal.}) 29. Rd7 (29. b4 $16 Rc2 30. h7+ Kh8 31. e4) 29... Qe8 $11 30. Rxb7 $2 {[%mdl 8192] [#]} (30. h7+ $11 Kh8 31. Rdd1 (31. Rxb7 $2 Qa8 $19)) 30... Qa8 $1 $19 31. h7+ Kh8 32. Qb4 Rc7 $1 33. Qf8+ Qxf8 34. Rxc7 Qa8+ 35. Kh2 Qf3 36. Rf1 Re4 37. Kg1 Be5 {( -> ...Rh4)} 38. Re7 {[#]} Rh4 $1 {[%mdl 512] Accuracy: White = 42%, Black = 45%.} 0-1